Normal view
MARC view
- Sneha Ghorpade - 2k161136 & Dr. Geeta Jadhav - Guide
Entry Personal Name
001 - CONTROL NUMBER
- control field: 104970
003 - CONTROL NUMBER IDENTIFIER
- control field: OSt
005 - DATE AND TIME OF LATEST TRANSACTION
- control field: 20221007221227.0
008 - FIXED-LENGTH DATA ELEMENTS
- fixed length control field: 221007|| aca||aabn | a|a d
040 ## - CATALOGING SOURCE
- Original cataloging agency: OSt
- Transcribing agency: OSt
100 ## - HEADING--PERSONAL NAME
- Personal name: Sneha Ghorpade - 2k161136 & Dr. Geeta Jadhav - Guide
670 ## - SOURCE DATA FOUND
- Source citation: Work cat.: (OSt)78091: Sneha Ghorpade - 2k161136 & Dr. Geeta Jadhav - Guide, A Study On Perception Of Employees Towards Hr Audit, 2017